000 00660nam a2200217 a 4500
001 72617
003 BD-RjUL
005 20211209082304.0
008 170521s1963 enka b 001 0 eng d
035 _a(BD-RjUL)72835
040 _aHCJ
_cHCJ
_dBD-RjUL
_beng
041 _aeng
082 _223
_a536.7
_bCRH 1963
100 1 _aCrawford, Franzo H.
_q(Franzo Hazlett),
_d1900-
_9214795
245 1 0 _aHeat, thermodynamics, and statistical physics /
_cFranzo H. Crawford
260 _aLondon :
_bHart-Davis,
_c1963.
300 _axix, 700 p. :
_bill. ;
_c24 cm.
504 _aIncludes index and bibliography.
650 _aThermodynamics.
_9214796
942 _2ddc
_cBK
999 _c72617
_d72617